[Event "Turniej Blitza na II Lidze Juniorów 2018"]
[Site "Szczyrk, Poland"]
[Date "????.??.??"]
[Round "4.46"]
[White "Huchwajda, Katarzyna"]
[Black "Sidorczuk, Pawel"]
[Result "0-1"]
[TimeControl "3'+2\""]
[WhiteElo "1690"]
[BlackElo "1120"]

1. e4 {[%clk 00:03:01]} {[%emt 00:00:02]} e5 {[%clk 00:03:03]} {[%emt
00:00:01]} 2. Nf3 {[%clk 00:03:02]} {[%emt 00:00:01]} Nc6 {[%clk 00:03:03]}
{[%emt 00:00:02]} 3. Nc3 {[%clk 00:03:03]} {[%emt 00:00:01]} Nf6 {[%clk
00:03:04]} {[%emt 00:00:01]} 4. Bb5 {[%clk 00:03:04]} Nd4 {[%clk 00:03:04]}
{[%emt 00:00:02]} 5. O-O {[%clk 00:02:49]} {[%emt 00:00:17]} c6 {[%clk
00:02:43]} {[%emt 00:00:23]} 6. Ba4 {[%clk 00:02:39]} {[%emt 00:00:12]} d6
{[%clk 00:02:43]} {[%emt 00:00:03]} 7. d3 {[%clk 00:02:34]} {[%emt 00:00:06]}
Bg4 {[%clk 00:02:43]} {[%emt 00:00:02]} 8. Kh1 {[%clk 00:02:14]} {[%emt
00:00:23]} Qd7 {[%clk 00:02:05]} {[%emt 00:00:40]} 9. Be3 {[%clk 00:02:05]}
{[%emt 00:00:10]} Nh5 {[%clk 00:01:53]} {[%emt 00:00:15]} 10. Bxd4 {[%clk
00:01:56]} {[%emt 00:00:10]} exd4 {[%clk 00:01:53]} {[%emt 00:00:02]} 11. Nd5
{[%clk 00:01:41]} {[%emt 00:00:16]} b5 {[%clk 00:01:40]} {[%emt 00:00:17]} 12.
Bb3 {[%clk 00:01:42]} cxd5 {[%clk 00:01:39]} {[%emt 00:00:03]} 13. Bxd5 {[%clk
00:01:42]} {[%emt 00:00:02]} Rc8 {[%clk 00:01:37]} {[%emt 00:00:04]} 14. Rc1
{[%clk 00:01:18]} {[%emt 00:00:25]} Nf4 {[%clk 00:01:28]} {[%emt 00:00:12]} 15.
Re1 {[%clk 00:00:58]} {[%emt 00:00:21]} Be7 {[%clk 00:01:04]} {[%emt 00:00:26]}
16. Bb3 {[%clk 00:00:54]} {[%emt 00:00:05]} a5 {[%clk 00:01:02]} {[%emt
00:00:05]} 17. a3 {[%clk 00:00:56]} a4 {[%clk 00:01:03]} {[%emt 00:00:01]} 18.
Ba2 {[%clk 00:00:56]} Rc5 {[%clk 00:00:48]} {[%emt 00:00:17]} 19. c3 {[%clk
00:00:46]} {[%emt 00:00:13]} dxc3 {[%clk 00:00:34]} {[%emt 00:00:16]} 20. Rxc3
{[%clk 00:00:43]} {[%emt 00:00:05]} Rxc3 {[%clk 00:00:30]} {[%emt 00:00:06]} 21.
bxc3 {[%clk 00:00:43]} {[%emt 00:00:02]} O-O {[%clk 00:00:24]} {[%emt
00:00:08]} 22. e5 {[%clk 00:00:33]} {[%emt 00:00:11]} dxe5 {[%emt 00:00:15]} 23.
Nxe5 {[%clk 00:00:28]} {[%emt 00:00:06]} Qf5 {[%clk 00:00:08]} {[%emt
00:00:07]} 24. Nxg4 {[%clk 00:00:21]} {[%emt 00:00:09]} Nxd3 {[%clk 00:00:03]}
{[%emt 00:00:06]} 25. Rf1 {[%clk 00:00:20]} {[%emt 00:00:03]} Bxa3 {[%clk
00:00:03]} {[%emt 00:00:03]} 26. Qe2 {[%clk 00:00:14]} {[%emt 00:00:07]} Rd8
{[%clk 00:00:03]} {[%emt 00:00:02]} 27. Ne3 {[%clk 00:00:13]} {[%emt 00:00:04]}
Qd7 {[%clk 00:00:03]} {[%emt 00:00:02]} 28. Qf3 {[%clk 00:00:08]} {[%emt
00:00:06]} Ne5 {[%clk 00:00:03]} {[%emt 00:00:02]} 29. Qe2 {[%clk 00:00:06]}
{[%emt 00:00:05]} Ng6 {[%clk 00:00:05]} 30. Bb1 {[%clk 00:00:05]} {[%emt
00:00:03]} Be7 {[%clk 00:00:05]} {[%emt 00:00:01]} 31. Ba2 {[%clk 00:00:06]}
{[%emt 00:00:02]} Bf6 {[%clk 00:00:05]} {[%emt 00:00:01]} 32. c4 {[%clk
00:00:05]} {[%emt 00:00:03]} bxc4 {[%clk 00:00:06]} 33. Bxc4 {[%clk 00:00:06]}
{[%emt 00:00:01]} Qd2 {[%clk 00:00:06]} {[%emt 00:00:03]} 34. Qf3 {[%clk
00:00:05]} {[%emt 00:00:03]} Ne5 {[%clk 00:00:05]} {[%emt 00:00:03]} 35. Qe4
{[%clk 00:00:05]} {[%emt 00:00:01]} Nxc4 {[%clk 00:00:06]} {[%emt 00:00:02]} 36.
Qxc4 {[%clk 00:00:05]} {[%emt 00:00:02]} Qd7 {[%clk 00:00:05]} {[%emt
00:00:04]} 37. Kg1 {[%clk 00:00:06]} h6 {[%clk 00:00:05]} {[%emt 00:00:02]} 38.
Qa2 {[%clk 00:00:05]} {[%emt 00:00:02]} Kh7 {[%clk 00:00:05]} {[%emt 00:00:02]}
39. Qe2 {[%clk 00:00:04]} {[%emt 00:00:03]} g6 {[%clk 00:00:06]} {[%emt
00:00:01]} 40. Qc2 {[%clk 00:00:05]} Kg7 {[%clk 00:00:07]} {[%emt 00:00:02]} 41.
Re1 {[%clk 00:00:05]} {[%emt 00:00:02]} Qa7 {[%clk 00:00:07]} {[%emt 00:00:01]}
42. Rf1 {[%clk 00:00:05]} {[%emt 00:00:02]} a3 {[%clk 00:00:08]} {[%emt
00:00:01]} 43. Qa2 {[%clk 00:00:06]} Rb8 {[%clk 00:00:09]} {[%emt 00:00:01]} 44.
Rd1 {[%clk 00:00:06]} {[%emt 00:00:02]} Rb2 {[%clk 00:00:09]} {[%emt 00:00:02]}
45. Qd5 {[%clk 00:00:05]} {[%emt 00:00:03]} a2 {[%clk 00:00:10]} {[%emt
00:00:02]} 46. Qd8 {[%clk 00:00:04]} {[%emt 00:00:03]} Bxd8 {[%clk 00:00:10]}
{[%emt 00:00:01]} 47. Rxd8 {[%clk 00:00:04]} {[%emt 00:00:02]} a1=R+ {[%clk
00:00:08]} {[%emt 00:00:03]} 0-1

[Event "Turniej Blitza na II Lidze Juniorów 2018"]
[Site "Szczyrk, Poland"]
[Date "????.??.??"]
[Round "4.29"]
[White "Poltorak, Sebastian"]
[Black "Chmiel, Pawel"]
[Result "1-0"]
[TimeControl "3'+2\""]
[WhiteElo "1594"]
[BlackElo "1366"]

1. d4 {[%clk 00:03:03]} {[%emt 00:00:01]} d5 {[%clk 00:03:04]} {[%emt
00:00:01]} 2. c4 {[%clk 00:03:04]} c6 {[%clk 00:03:05]} {[%emt 00:00:01]} 3.
Nc3 {[%clk 00:03:05]} e6 {[%clk 00:03:06]} {[%emt 00:00:01]} 4. Nf3 {[%clk
00:03:06]} Nf6 {[%clk 00:03:07]} 5. Bg5 {[%clk 00:03:07]} {[%emt 00:00:02]} Be7
{[%clk 00:03:08]} {[%emt 00:00:01]} 6. Qc2 {[%clk 00:03:07]} {[%emt 00:00:02]}
O-O {[%clk 00:03:02]} {[%emt 00:00:08]} 7. e3 {[%clk 00:03:07]} {[%emt
00:00:01]} h6 {[%clk 00:02:58]} {[%emt 00:00:06]} 8. Bh4 {[%clk 00:03:09]}
{[%emt 00:00:01]} Nbd7 {[%clk 00:02:58]} {[%emt 00:00:02]} 9. cxd5 {[%clk
00:03:09]} {[%emt 00:00:01]} cxd5 {[%clk 00:02:56]} {[%emt 00:00:04]} 10. Bd3
{[%clk 00:03:08]} {[%emt 00:00:03]} b6 {[%clk 00:02:51]} {[%emt 00:00:07]} 11.
O-O {[%clk 00:03:07]} {[%emt 00:00:03]} Bb7 {[%clk 00:02:48]} {[%emt 00:00:05]}
12. Bg3 {[%clk 00:02:50]} {[%emt 00:00:18]} Nh5 {[%clk 00:02:29]} {[%emt
00:00:21]} 13. Be5 {[%clk 00:02:40]} {[%emt 00:00:13]} Nxe5 {[%clk 00:02:30]}
14. Nxe5 {[%clk 00:02:39]} {[%emt 00:00:03]} Bd6 {[%clk 00:02:27]} {[%emt
00:00:05]} 15. f4 {[%clk 00:02:32]} {[%emt 00:00:09]} Nf6 {[%clk 00:02:23]}
{[%emt 00:00:06]} 16. h3 {[%clk 00:02:25]} {[%emt 00:00:09]} Rc8 {[%clk
00:02:21]} {[%emt 00:00:05]} 17. g4 {[%clk 00:02:23]} {[%emt 00:00:03]} Bxe5
{[%clk 00:02:21]} {[%emt 00:00:02]} 18. fxe5 {[%clk 00:02:24]} {[%emt
00:00:01]} Ne4 {[%clk 00:02:22]} {[%emt 00:00:01]} 19. Bxe4 {[%clk 00:02:21]}
{[%emt 00:00:05]} dxe4 {[%clk 00:02:23]} {[%emt 00:00:01]} 20. Qg2 {[%clk
00:02:06]} {[%emt 00:00:16]} f5 {[%clk 00:02:24]} {[%emt 00:00:02]} 21. exf6
{[%clk 00:01:57]} {[%emt 00:00:10]} Rxf6 {[%clk 00:02:19]} {[%emt 00:00:08]} 22.
Rxf6 {[%clk 00:01:48]} {[%emt 00:00:11]} Qxf6 {[%clk 00:02:17]} {[%emt
00:00:04]} 23. Rf1 {[%clk 00:01:48]} {[%emt 00:00:02]} Qg5 {[%clk 00:02:17]}
{[%emt 00:00:02]} 24. Rf4 {[%clk 00:01:23]} {[%emt 00:00:27]} Rf8 {[%clk
00:02:14]} {[%emt 00:00:04]} 25. Rxf8+ {[%clk 00:01:20]} {[%emt 00:00:05]} Kxf8
{[%clk 00:02:15]} {[%emt 00:00:01]} 26. Qg3 {[%clk 00:01:20]} {[%emt 00:00:03]}
Bd5 {[%clk 00:02:06]} {[%emt 00:00:11]} 27. h4 {[%clk 00:01:11]} {[%emt
00:00:10]} Qd8 {[%clk 00:02:07]} {[%emt 00:00:02]} 28. Qf4+ {[%clk 00:01:09]}
{[%emt 00:00:03]} Kg8 {[%clk 00:02:08]} {[%emt 00:00:02]} 29. Nxe4 {[%clk
00:01:01]} {[%emt 00:00:10]} Qxh4 {[%clk 00:02:08]} {[%emt 00:00:01]} 30. Nf2
{[%clk 00:00:39]} {[%emt 00:00:25]} Kh7 {[%clk 00:02:03]} {[%emt 00:00:07]} 31.
e4 {[%clk 00:00:40]} Bxa2 {[%clk 00:02:02]} {[%emt 00:00:03]} 32. Kg2 {[%clk
00:00:39]} {[%emt 00:00:03]} Qf6 {[%clk 00:02:02]} {[%emt 00:00:02]} 33. Qxf6
{[%clk 00:00:32]} {[%emt 00:00:09]} gxf6 {[%clk 00:02:03]} {[%emt 00:00:01]} 34.
Nd3 {[%clk 00:00:31]} {[%emt 00:00:02]} Kg6 {[%clk 00:02:00]} {[%emt 00:00:04]}
35. Nb4 {[%clk 00:00:30]} {[%emt 00:00:04]} Bb1 {[%clk 00:02:02]} {[%emt
00:00:02]} 36. Kf3 {[%clk 00:00:30]} {[%emt 00:00:01]} Bxe4+ {[%clk 00:01:59]}
{[%emt 00:00:05]} 37. Kxe4 {[%clk 00:00:31]} f5+ {[%clk 00:01:59]} {[%emt
00:00:02]} 38. gxf5+ {[%clk 00:00:32]} {[%emt 00:00:01]} exf5+ {[%clk
00:02:01]} 39. Kf4 {[%clk 00:00:33]} h5 {[%clk 00:02:02]} 40. Nd3 {[%clk
00:00:33]} {[%emt 00:00:02]} a6 {[%clk 00:01:58]} {[%emt 00:00:07]} 41. d5
{[%clk 00:00:33]} {[%emt 00:00:01]} Kf6 {[%clk 00:01:59]} {[%emt 00:00:01]} 42.
b4 {[%clk 00:00:30]} {[%emt 00:00:05]} b5 {[%clk 00:01:59]} {[%emt 00:00:02]}
43. Nc5 {[%clk 00:00:30]} {[%emt 00:00:02]} a5 {[%clk 00:02:00]} {[%emt
00:00:01]} 44. bxa5 {[%clk 00:00:31]} {[%emt 00:00:02]} b4 {[%emt 00:00:01]} 45.
a6 {[%clk 00:00:32]} {[%emt 00:00:01]} b3 {[%clk 00:02:01]} {[%emt 00:00:01]}
46. Nxb3 {[%clk 00:00:32]} {[%emt 00:00:02]} h4 {[%clk 00:02:02]} {[%emt
00:00:01]} 47. Nd2 {[%clk 00:00:33]} {[%emt 00:00:02]} h3 {[%clk 00:02:02]}
{[%emt 00:00:02]} 48. Nf3 {[%clk 00:00:34]} {[%emt 00:00:01]} Kg6 {[%clk
00:02:02]} {[%emt 00:00:01]} 49. a7 {[%clk 00:00:33]} {[%emt 00:00:03]} h2
{[%clk 00:02:03]} {[%emt 00:00:01]} 50. Nxh2 {[%clk 00:00:34]} {[%emt
00:00:01]} Kh5 {[%clk 00:02:03]} {[%emt 00:00:02]} 51. a8=Q {[%clk 00:00:32]}
{[%emt 00:00:03]} Kh6 {[%clk 00:02:03]} {[%emt 00:00:03]} 52. Qg8 {[%clk
00:00:29]} {[%emt 00:00:04]} Kh5 {[%clk 00:02:02]} {[%emt 00:00:02]} 53. Qg5+
{[%clk 00:00:29]} {[%emt 00:00:03]} 1-0

[Event "Turniej Blitza na II Lidze Juniorów 2018"]
[Site "Szczyrk, Poland"]
[Date "????.??.??"]
[Round "4.43"]
[White "Majdanski, Maksymilian"]
[Black "Kucza, Kamil"]
[Result "1-0"]
[TimeControl "3'+2\""]
[WhiteElo "1461"]
[BlackElo "1208"]

1. d4 {[%clk 00:03:03]} {[%emt 00:01:14]} d5 {[%clk 00:03:01]} {[%emt
00:00:04]} 2. Nf3 {[%clk 00:03:04]} {[%emt 00:00:01]} Bf5 {[%clk 00:03:01]}
{[%emt 00:00:01]} 3. e3 {[%clk 00:02:51]} {[%emt 00:00:17]} e6 {[%clk
00:03:02]} {[%emt 00:00:01]} 4. b3 {[%clk 00:02:49]} {[%emt 00:00:03]} Nc6
{[%clk 00:03:02]} {[%emt 00:00:02]} 5. Bd3 {[%clk 00:02:44]} {[%emt 00:00:07]}
Bxd3 {[%clk 00:03:01]} {[%emt 00:00:03]} 6. Qxd3 {[%clk 00:02:45]} Bb4+ {[%clk
00:03:02]} {[%emt 00:00:01]} 7. Bd2 {[%clk 00:02:45]} {[%emt 00:00:02]} Bxd2+
{[%clk 00:03:03]} {[%emt 00:00:01]} 8. Qxd2 {[%clk 00:02:42]} {[%emt 00:00:04]}
Nf6 {[%clk 00:03:04]} 9. c4 {[%clk 00:02:40]} {[%emt 00:00:06]} dxc4 {[%clk
00:03:05]} {[%emt 00:00:01]} 10. bxc4 {[%clk 00:02:41]} {[%emt 00:00:01]} O-O
{[%clk 00:03:06]} {[%emt 00:00:02]} 11. O-O {[%clk 00:02:41]} {[%emt 00:00:01]}
h6 {[%clk 00:03:07]} 12. Nc3 {[%clk 00:02:42]} a6 {[%clk 00:03:08]} {[%emt
00:00:02]} 13. Rab1 {[%clk 00:02:44]} b6 {[%clk 00:03:08]} {[%emt 00:00:02]} 14.
Rfd1 {[%clk 00:02:32]} {[%emt 00:00:14]} Re8 {[%clk 00:03:09]} {[%emt
00:00:02]} 15. e4 {[%clk 00:02:28]} {[%emt 00:00:05]} e5 {[%clk 00:03:02]}
{[%emt 00:00:08]} 16. d5 {[%clk 00:02:23]} {[%emt 00:00:08]} Ne7 {[%clk
00:02:56]} {[%emt 00:00:08]} 17. Nxe5 {[%clk 00:02:24]} {[%emt 00:00:01]} Rc8
{[%clk 00:02:46]} {[%emt 00:00:12]} 18. Nf3 {[%clk 00:02:20]} {[%emt 00:00:05]}
a5 {[%clk 00:02:43]} {[%emt 00:00:05]} 19. e5 {[%clk 00:02:21]} {[%emt
00:00:01]} Nh7 {[%clk 00:02:42]} {[%emt 00:00:03]} 20. d6 {[%clk 00:02:10]}
{[%emt 00:00:14]} cxd6 {[%clk 00:02:41]} {[%emt 00:00:03]} 21. exd6 {[%clk
00:02:11]} Ng6 {[%clk 00:02:38]} {[%emt 00:00:05]} 22. d7 {[%clk 00:02:12]}
{[%emt 00:00:01]} Rxc4 {[%clk 00:02:28]} {[%emt 00:00:12]} 23. dxe8=Q+ {[%clk
00:02:05]} {[%emt 00:00:09]} Qxe8 {[%clk 00:02:28]} {[%emt 00:00:02]} 24. Rxb6
{[%clk 00:02:02]} {[%emt 00:00:05]} Nf6 {[%clk 00:02:07]} {[%emt 00:00:22]} 25.
Nd5 {[%clk 00:01:50]} {[%emt 00:00:15]} Nxd5 {[%clk 00:02:07]} {[%emt
00:00:02]} 26. Qxd5 {[%clk 00:01:50]} {[%emt 00:00:02]} Rc8 {[%clk 00:02:06]}
{[%emt 00:00:03]} 27. Rxg6 {[%clk 00:01:49]} {[%emt 00:00:03]} Kh7 {[%clk
00:02:01]} {[%emt 00:00:05]} 28. Rd6 {[%clk 00:01:51]} {[%emt 00:00:02]} a4
{[%clk 00:01:57]} {[%emt 00:00:06]} 29. Rd8 {[%clk 00:01:51]} Rxd8 {[%clk
00:01:56]} {[%emt 00:00:04]} 30. Qxd8 {[%clk 00:01:52]} {[%emt 00:00:01]} Qe6
{[%clk 00:01:57]} 31. Qd3+ {[%clk 00:01:50]} {[%emt 00:00:03]} g6 {[%clk
00:01:55]} {[%emt 00:00:04]} 32. h3 {[%clk 00:01:42]} {[%emt 00:00:11]} Qxa2
{[%clk 00:01:54]} {[%emt 00:00:04]} 33. Qd2 {[%clk 00:01:37]} {[%emt 00:00:07]}
Qb3 {[%clk 00:01:50]} {[%emt 00:00:05]} 34. Nd4 {[%clk 00:01:37]} {[%emt
00:00:01]} Qc4 {[%clk 00:01:40]} {[%emt 00:00:11]} 35. Rc1 {[%clk 00:01:38]}
{[%emt 00:00:03]} Qd5 {[%clk 00:01:37]} {[%emt 00:00:03]} 36. Qb4 {[%clk
00:01:34]} {[%emt 00:00:07]} a3 {[%clk 00:01:31]} {[%emt 00:00:08]} 37. Ra1
{[%clk 00:01:31]} {[%emt 00:00:05]} a2 {[%clk 00:01:25]} {[%emt 00:00:08]} 38.
Nb3 {[%clk 00:01:28]} {[%emt 00:00:06]} Qa8 {[%clk 00:01:13]} {[%emt 00:00:14]}
39. Qa5 {[%clk 00:01:26]} {[%emt 00:00:04]} Qc6 {[%clk 00:01:08]} {[%emt
00:00:06]} 40. Qxa2 {[%clk 00:01:27]} {[%emt 00:00:02]} Qe6 {[%clk 00:01:07]}
{[%emt 00:00:02]} 41. Nd4 {[%clk 00:01:27]} {[%emt 00:00:03]} Qe7 {[%clk
00:01:08]} 42. Qa7 {[%clk 00:01:24]} {[%emt 00:00:04]} Qf6 {[%clk 00:01:05]}
{[%emt 00:00:06]} 43. Nf3 {[%clk 00:01:16]} {[%emt 00:00:09]} h5 {[%clk
00:01:03]} {[%emt 00:00:04]} 44. Ra6 {[%clk 00:01:17]} {[%emt 00:00:01]} Qf5
{[%clk 00:00:56]} {[%emt 00:00:08]} 45. Rb6 {[%clk 00:01:12]} {[%emt 00:00:08]}
Qf4 {[%clk 00:00:48]} {[%emt 00:00:10]} 46. Rb1 {[%clk 00:01:01]} {[%emt
00:00:14]} Qf5 {[%clk 00:00:48]} {[%emt 00:00:03]} 47. Qb7 {[%clk 00:01:00]}
{[%emt 00:00:02]} Kg7 {[%clk 00:00:45]} {[%emt 00:00:04]} 48. Nh4 {[%clk
00:00:58]} {[%emt 00:00:05]} Qe5 {[%clk 00:00:38]} {[%emt 00:00:03]} 49. Qb2
{[%clk 00:00:59]} {[%emt 00:00:07]} Qxb2 {[%clk 00:00:35]} {[%emt 00:00:05]} 50.
Rxb2 {[%clk 00:01:00]} g5 {[%clk 00:00:37]} 51. Nf5+ {[%clk 00:01:01]} {[%emt
00:00:01]} Kg6 {[%clk 00:00:38]} 52. Ne7+ {[%clk 00:01:02]} Kf6 {[%clk
00:00:39]} {[%emt 00:00:02]} 53. Nc6 {[%clk 00:01:03]} Kf5 {[%clk 00:00:40]}
{[%emt 00:00:02]} 54. Rb5+ {[%clk 00:01:04]} {[%emt 00:00:01]} Kg6 {[%clk
00:00:41]} 55. Kh2 {[%clk 00:01:04]} {[%emt 00:00:02]} h4 {[%clk 00:00:40]}
{[%emt 00:00:03]} 56. g3 {[%clk 00:01:05]} Kh5 {[%clk 00:00:41]} 57. gxh4
{[%clk 00:01:04]} {[%emt 00:00:03]} Kxh4 {[%clk 00:00:40]} {[%emt 00:00:03]} 58.
Ne7 {[%clk 00:01:03]} {[%emt 00:00:04]} f6 {[%clk 00:00:39]} {[%emt 00:00:02]}
59. Rf5 {[%clk 00:01:02]} {[%emt 00:00:02]} Kh5 {[%clk 00:00:39]} {[%emt
00:00:03]} 60. Rxf6 {[%clk 00:01:04]} {[%emt 00:00:01]} g4 {[%clk 00:00:39]}
{[%emt 00:00:02]} 61. hxg4+ {[%clk 00:01:04]} {[%emt 00:00:02]} Kg5 {[%clk
00:00:39]} 62. Rf5+ {[%clk 00:01:05]} {[%emt 00:00:02]} Kh6 {[%clk 00:00:38]}
{[%emt 00:00:02]} 63. g5+ {[%clk 00:01:06]} {[%emt 00:00:02]} Kg7 {[%clk
00:00:38]} {[%emt 00:00:01]} 64. g6 {[%clk 00:01:04]} {[%emt 00:00:04]} Kh8
{[%clk 00:00:34]} {[%emt 00:00:03]} 65. Rh5+ {[%clk 00:01:01]} {[%emt
00:00:08]} Kg7 {[%clk 00:00:34]} {[%emt 00:00:02]} 66. Rh7+ {[%clk 00:01:02]}
{[%emt 00:00:01]} Kf8 {[%clk 00:00:35]} {[%emt 00:00:02]} 67. g7+ {[%clk
00:01:00]} {[%emt 00:00:03]} Kf7 {[%clk 00:00:35]} {[%emt 00:00:02]} 68. g8=Q+
{[%clk 00:01:01]} {[%emt 00:00:01]} Kf6 {[%clk 00:00:33]} {[%emt 00:00:05]} 69.
Qg6+ {[%clk 00:01:01]} {[%emt 00:00:01]} Ke5 {[%clk 00:00:33]} {[%emt
00:00:02]} 70. Qf5+ {[%clk 00:01:02]} {[%emt 00:00:02]} Kd6 {[%clk 00:00:33]}
{[%emt 00:00:02]} 71. Qd5+ {[%clk 00:01:02]} {[%emt 00:00:01]} Kc7 {[%clk
00:00:33]} {[%emt 00:00:03]} 72. Qc6+ {[%clk 00:01:03]} Kb8 {[%clk 00:00:34]}
{[%emt 00:00:02]} 73. Rh8+ {[%clk 00:01:01]} {[%emt 00:00:04]} Ka7 {[%clk
00:00:34]} {[%emt 00:00:02]} 74. Ra8# {[%clk 00:01:01]} 1-0

[Event "Turniej Blitza na II Lidze Juniorów 2018"]
[Site "Szczyrk, Poland"]
[Date "????.??.??"]
[Round "4.69"]
[White "Piechota, Kamil"]
[Black "Franek, Krzysztof"]
[Result "1-0"]
[TimeControl "3'+2\""]
[WhiteElo "1459"]
[BlackElo "1142"]

1. e4 {[%clk 00:03:02]} {[%emt 00:00:02]} b6 {[%clk 00:03:03]} {[%emt
00:00:02]} 2. f3 {[%clk 00:03:02]} {[%emt 00:00:02]} Bb7 {[%clk 00:03:04]} 3.
Bc4 {[%clk 00:03:03]} {[%emt 00:00:01]} e6 {[%clk 00:03:04]} {[%emt 00:00:02]}
4. d4 {[%clk 00:03:04]} d5 {[%clk 00:02:58]} {[%emt 00:00:08]} 5. Bb5+ {[%clk
00:03:01]} {[%emt 00:00:04]} Nd7 {[%clk 00:02:57]} {[%emt 00:00:03]} 6. e5
{[%clk 00:03:00]} {[%emt 00:00:03]} Bb4+ {[%clk 00:02:58]} {[%emt 00:00:01]} 7.
c3 {[%clk 00:03:01]} {[%emt 00:00:02]} Be7 {[%clk 00:02:58]} {[%emt 00:00:01]}
8. f4 {[%clk 00:02:59]} {[%emt 00:00:05]} c5 {[%clk 00:02:47]} {[%emt
00:00:13]} 9. Nf3 {[%clk 00:02:57]} {[%emt 00:00:04]} a6 {[%clk 00:02:42]}
{[%emt 00:00:07]} 10. Ba4 {[%clk 00:02:55]} {[%emt 00:00:04]} Rc8 {[%clk
00:02:34]} {[%emt 00:00:10]} 11. Bd2 {[%clk 00:02:30]} {[%emt 00:00:27]} Bc6
{[%clk 00:01:54]} {[%emt 00:00:41]} 12. Bxc6 {[%clk 00:02:24]} {[%emt
00:00:08]} Rxc6 {[%clk 00:01:55]} 13. Be3 {[%clk 00:02:22]} {[%emt 00:00:05]}
cxd4 {[%clk 00:01:52]} {[%emt 00:00:05]} 14. Nxd4 {[%clk 00:02:21]} {[%emt
00:00:03]} Rc8 {[%clk 00:01:49]} {[%emt 00:00:05]} 15. Qa4 {[%clk 00:02:19]}
{[%emt 00:00:04]} Qc7 {[%clk 00:01:06]} {[%emt 00:00:45]} 16. Nd2 {[%clk
00:01:51]} {[%emt 00:00:31]} Bc5 {[%clk 00:00:59]} {[%emt 00:00:58]} 17. Qxa6
{[%clk 00:02:39]} {[%emt 00:00:07]} Ne7 {[%clk 00:00:47]} {[%emt 00:00:12]} 18.
Nb5 {[%clk 00:02:31]} {[%emt 00:00:10]} Qb8 {[%clk 00:00:48]} {[%emt 00:00:01]}
19. Bxc5 {[%clk 00:02:30]} {[%emt 00:00:03]} Nxc5 {[%clk 00:00:43]} {[%emt
00:00:08]} 20. Nd6+ {[%clk 00:02:31]} Kf8 {[%clk 00:00:42]} {[%emt 00:00:02]}
21. Qb5 {[%clk 00:02:23]} {[%emt 00:00:11]} Rd8 {[%clk 00:00:31]} {[%emt
00:00:14]} 22. c4 {[%clk 00:02:12]} {[%emt 00:00:13]} g6 {[%clk 00:00:27]}
{[%emt 00:00:06]} 23. O-O {[%clk 00:02:07]} {[%emt 00:00:06]} Kg7 {[%clk
00:00:21]} {[%emt 00:00:07]} 24. Rfc1 {[%clk 00:02:05]} {[%emt 00:00:05]} Nb7
{[%clk 00:00:14]} {[%emt 00:00:09]} 25. c5 {[%clk 00:02:02]} {[%emt 00:00:05]}
Nxd6 {[%clk 00:00:05]} {[%emt 00:00:11]} 26. cxd6 {[%clk 00:02:00]} {[%emt
00:00:04]} Nf5 {[%clk 00:00:04]} {[%emt 00:00:03]} 27. Rc6 {[%clk 00:01:59]}
{[%emt 00:00:03]} Nd4 {[%clk 00:00:03]} {[%emt 00:00:04]} 28. Qxb6 {[%clk
00:01:50]} {[%emt 00:00:11]} Nxc6 {[%clk 00:00:04]} {[%emt 00:00:01]} 29. Qxc6
{[%clk 00:01:48]} {[%emt 00:00:04]} Qa7+ {[%emt 00:00:03]} 30. Kh1 {[%clk
00:01:47]} {[%emt 00:00:02]} Qb8 {[%clk 00:00:04]} {[%emt 00:00:01]} 31. Rb1
{[%clk 00:01:43]} {[%emt 00:00:06]} Rhe8 {[%clk 00:00:05]} 32. b4 {[%clk
00:01:44]} {[%emt 00:00:01]} Rc8 {[%clk 00:00:07]} 33. Qa4 {[%clk 00:01:41]}
{[%emt 00:00:04]} Red8 {[%clk 00:00:08]} 34. b5 {[%clk 00:01:42]} {[%emt
00:00:02]} Rc3 {[%clk 00:00:08]} {[%emt 00:00:02]} 35. Qa5 {[%clk 00:01:23]}
{[%emt 00:00:21]} Rc2 {[%clk 00:00:08]} {[%emt 00:00:02]} 36. Nf3 {[%clk
00:01:24]} Rd7 {[%clk 00:00:09]} 37. Nd4 {[%clk 00:01:24]} {[%emt 00:00:03]}
Qb7 {[%clk 00:00:05]} {[%emt 00:00:05]} 38. Nxc2 {[%clk 00:01:23]} {[%emt
00:00:03]} 1-0